[Event "Hart House Holidays op"]
[Site "Toronto CAN"]
[Date "2016.12.18"]
[Round "5"]
[White "Ivanov, Mike"]
[Black "Findlay, Ian"]
[Result "1/2-1/2"]
[WhiteElo "2385"]
[BlackElo "2304"]
[WhiteFideId "-1"]
[WhiteFideId "-1"]
[PlyCount "62"]
[GameId "2160767908475505"]
[EventDate "2016.12.16"]
[EventType "swiss"]
[EventRounds "5"]
[EventCountry "CAN"]
[SourceTitle "EXT 2022"]
[Source "ChessBase"]
[SourceDate "2021.10.06"]
[SourceVersion "1"]
[SourceVersionDate "2021.10.06"]
[SourceQuality "1"]

1. e4 c5 2. Nf3 d6 3. Bb5+ Nc6 4. Bxc6+ bxc6 5. e5 d5 6. O-O e6 7. d3 Ne7 8. c4 Ng6 9. Nc3 Be7 10. Na4 O-O 11. b3 Qc7 12. Qe2 f6 13. Ba3 fxe5 14. Bxc5 e4 15. dxe4 e5 16. cxd5 Bg4 17. Qc4 Kh8 18. d6 Bxd6 19. Ng5 Nf4 20. f3 Bxc5+ 21. Nxc5 Qe7 22. Nxh7 Rad8 23. fxg4 Rd2 24. Rf2 Rfd8 25. Raf1 Rxf2 26. Rxf2 Rd1+ 27. Rf1 Rd2 28. g3 Nh3+ 29. Kh1 Nf2+ 30. Kg1 Nh3+ 31. Kh1 Nf2+ 1/2-1/2

[Event "Sabadell op-A"]
[Site "Sabadell ESP"]
[Date "2016.09.02"]
[Round "2"]
[White "Alarcon Casellas, Rolando"]
[Black "Ivanov, Mike"]
[Result "1-0"]
[WhiteElo "2397"]
[BlackElo "2285"]
[WhiteFideId "-1"]
[WhiteFideId "-1"]
[PlyCount "147"]
[GameId "2130307640880373"]
[EventDate "2016.09.01"]
[EventType "swiss"]
[EventRounds "9"]
[EventCountry "ESP"]
[SourceTitle "Mega2016 Update 51"]
[Source "Chessbase"]
[SourceDate "2016.09.26"]
[SourceVersion "1"]
[SourceVersionDate "2016.09.26"]
[SourceQuality "1"]

1. d4 Nf6 2. Bg5 Ne4 3. Bf4 Nc6 4. f3 Nf6 5. d5 e5 6. Bg3 Ne7 7. e4 Ng6 8. h4 Bc5 9. h5 Nxh5 10. Rxh5 Bxg1 11. Bxe5 Nxe5 12. Rxe5+ Kf8 13. Rh5 Qf6 14. c3 Qf4 15. Qd2 Be3 16. Qe2 d6 17. Kd1 g6 18. Rh1 Qg5 19. Na3 Kg7 20. Nc4 Bf4 21. Qf2 c6 22. Kc2 cxd5 23. Qd4+ Be5 24. Qxd5 Be6 25. Qd2 Bf4 26. Qd4+ Be5 27. Nxe5 dxe5 28. Qd2 Qxd2+ 29. Kxd2 Rad8+ 30. Ke3 Rd6 31. Be2 Rhd8 32. Rhd1 Rxd1 33. Bxd1 h5 34. Be2 Kf6 35. c4 Kg5 36. g3 f5 37. exf5 gxf5 38. f4+ Kf6 39. Rh1 Bf7 40. b3 exf4+ 41. gxf4 Rh8 42. Rh4 a5 43. Bf3 b6 44. Kd4 Rg8 45. Rh3 Rh8 46. Rh4 Rg8 47. Be2 Rg2 48. Bxh5 Bxh5 49. Rxh5 Kg6 50. Rh8 Rxa2 51. Rb8 Kh5 52. Rxb6 Kg4 53. c5 Kxf4 54. c6 Rc2 55. Kd5 Ke3 56. Rb7 f4 57. Re7+ Kd3 58. Rf7 Kc3 59. Rxf4 Kxb3 60. Rf8 Rd2+ 61. Kc5 Rc2+ 62. Kd5 Rd2+ 63. Kc5 Rc2+ 64. Kb5 a4 65. Rf3+ Ka2 66. Rf4 Rxc6 67. Kxc6 a3 68. Kb5 Kb2 69. Rf2+ Kb3 70. Rf3+ Kb2 71. Kb4 a2 72. Rf2+ Kb1 73. Kb3 a1=N+ 74. Kc3 1-0

[Event "Sabadell op-A"]
[Site "Sabadell ESP"]
[Date "2016.09.03"]
[Round "3"]
[White "Ivanov, Mike"]
[Black "Chan, James"]
[Result "1-0"]
[WhiteElo "2285"]
[BlackElo "2110"]
[WhiteFideId "-1"]
[WhiteFideId "-1"]
[PlyCount "61"]
[GameId "2130307640880387"]
[EventDate "2016.09.01"]
[EventType "swiss"]
[EventRounds "9"]
[EventCountry "ESP"]
[SourceTitle "Mega2016 Update 51"]
[Source "Chessbase"]
[SourceDate "2016.09.26"]
[SourceVersion "1"]
[SourceVersionDate "2016.09.26"]
[SourceQuality "1"]

1. e4 c5 2. Nf3 e6 3. c3 Nf6 4. Bd3 d6 5. Bc2 Nbd7 6. d4 Qc7 7. O-O Be7 8. Re1 e5 9. Nh4 O-O 10. Nf5 Bd8 11. Na3 a6 12. Nc4 cxd4 13. Ncxd6 dxc3 14. bxc3 Nc5 15. Qf3 Bxf5 16. Nxf5 Kh8 17. a4 Ng8 18. Ba3 Ne7 19. Rab1 Rc8 20. h3 b6 21. Ne3 Qc6 22. Red1 Bc7 23. Nd5 Nxd5 24. Rxd5 Bd6 25. Rbd1 Rcd8 26. a5 Nb7 27. Bxd6 Rxd6 28. axb6 f6 29. Qd3 Rxd5 30. exd5 Qxb6 31. Qxh7# 1-0

[Event "Sabadell op-A"]
[Site "Sabadell ESP"]
[Date "2016.09.04"]
[Round "4"]
[White "Ros Alonso, Jaume"]
[Black "Ivanov, Mike"]
[Result "0-1"]
[WhiteElo "1921"]
[BlackElo "2285"]
[WhiteFideId "-1"]
[WhiteFideId "-1"]
[PlyCount "62"]
[GameId "2130307640880404"]
[EventDate "2016.09.01"]
[EventType "swiss"]
[EventRounds "9"]
[EventCountry "ESP"]
[SourceTitle "Mega2016 Update 51"]
[Source "Chessbase"]
[SourceDate "2016.09.26"]
[SourceVersion "1"]
[SourceVersionDate "2016.09.26"]
[SourceQuality "1"]

1. e4 e6 2. d4 d5 3. Nd2 Nf6 4. e5 Nfd7 5. Bd3 c5 6. c3 Nc6 7. Ne2 cxd4 8. cxd4 f6 9. exf6 Nxf6 10. Nf3 Bd6 11. O-O Qc7 12. Bg5 O-O 13. Bh4 Nh5 14. Nc3 Bf4 15. Re1 Qf7 16. Bg3 Nxg3 17. hxg3 Bh6 18. Qe2 a6 19. Rad1 b5 20. Bb1 g6 21. Qc2 Bd7 22. Ne5 Nxe5 23. Rxe5 b4 24. Na4 Bxa4 25. Qxa4 Qxf2+ 26. Kh2 Rf3 27. Qc6 Raf8 28. Qxe6+ Kh8 29. Kh1 Qxg3 30. Ree1 R3f4 31. Qe5+ Bg7 0-1

[Event "Sabadell op-A"]
[Site "Sabadell ESP"]
[Date "2016.09.06"]
[Round "6"]
[White "Ivanov, Mike"]
[Black "Vidarte Morales, Arturo"]
[Result "1-0"]
[WhiteElo "2285"]
[BlackElo "2340"]
[WhiteFideId "-1"]
[WhiteFideId "-1"]
[PlyCount "85"]
[GameId "2130307640880420"]
[EventDate "2016.09.01"]
[EventType "swiss"]
[EventRounds "9"]
[EventCountry "ESP"]
[SourceTitle "Mega2016 Update 51"]
[Source "Chessbase"]
[SourceDate "2016.09.26"]
[SourceVersion "1"]
[SourceVersionDate "2016.09.26"]
[SourceQuality "1"]

1. e4 c5 2. Nf3 g6 3. d4 cxd4 4. Qxd4 Nf6 5. e5 Nc6 6. Qa4 Nh5 7. Nc3 Ng7 8. h4 h5 9. Bg5 Ne6 10. O-O-O Bg7 11. Bb5 Nxg5 12. hxg5 a6 13. e6 axb5 14. Qxa8 fxe6 15. Nxb5 O-O 16. Qa4 Qb6 17. Rd2 Rf5 18. c4 d5 19. cxd5 exd5 20. Rhd1 e6 21. Nbd4 Rf4 22. Qb5 Qc7 23. Nxc6 bxc6 24. Qd3 Re4 25. Re2 Qf4+ 26. Qd2 Rc4+ 27. Kb1 Qb8 28. Qe1 Rb4 29. Rdd2 Ba6 30. b3 Bxe2 31. Rxe2 Qf4 32. Rxe6 Re4 33. Rxe4 dxe4 34. Qd2 Qf5 35. Nh4 e3+ 36. Nxf5 exd2 37. Ne3 Bd4 38. Kc2 Kf7 39. Kxd2 Ke6 40. Kd3 Bb6 41. Ke4 Bd8 42. f4 Be7 43. Nc4 1-0

[Event "Sabadell op-A"]
[Site "Sabadell ESP"]
[Date "2016.09.07"]
[Round "7"]
[White "Narciso Dublan, Marc"]
[Black "Ivanov, Mike"]
[Result "1-0"]
[WhiteElo "2508"]
[BlackElo "2285"]
[WhiteFideId "-1"]
[WhiteFideId "-1"]
[PlyCount "59"]
[GameId "2130307640880429"]
[EventDate "2016.09.01"]
[EventType "swiss"]
[EventRounds "9"]
[EventCountry "ESP"]
[SourceTitle "Mega2016 Update 51"]
[Source "Chessbase"]
[SourceDate "2016.09.26"]
[SourceVersion "1"]
[SourceVersionDate "2016.09.26"]
[SourceQuality "1"]

1. d4 Nf6 2. c4 c5 3. d5 e6 4. Nc3 exd5 5. cxd5 d6 6. e4 g6 7. Nge2 Bg7 8. Ng3 O-O 9. Be2 a6 10. a4 h5 11. Bg5 Qa5 12. Qc1 Re8 13. f3 Nbd7 14. Bh6 Bxh6 15. Qxh6 b5 16. O-O b4 17. Nd1 Qd8 18. Ne3 Nh7 19. f4 h4 20. Nef5 Qf6 21. e5 dxe5 22. Ne4 Qh8 23. Ned6 gxf5 24. Nxe8 Bb7 25. Nd6 Bxd5 26. Nxf5 Re8 27. Rad1 Qf6 28. Rxd5 Qxf5 29. Bd3 Re6 30. Qxh4 1-0

[Event "Sabadell op-A"]
[Site "Sabadell ESP"]
[Date "2016.09.08"]
[Round "8"]
[White "Ivanov, Mike"]
[Black "Dominguez Pons, Eric"]
[Result "0-1"]
[WhiteElo "2285"]
[BlackElo "2391"]
[WhiteFideId "-1"]
[WhiteFideId "-1"]
[PlyCount "80"]
[GameId "2130307640880439"]
[EventDate "2016.09.01"]
[EventType "swiss"]
[EventRounds "9"]
[EventCountry "ESP"]
[SourceTitle "Mega2016 Update 51"]
[Source "Chessbase"]
[SourceDate "2016.09.26"]
[SourceVersion "1"]
[SourceVersionDate "2016.09.26"]
[SourceQuality "1"]

1. e4 c5 2. Nf3 d6 3. Bb5+ Bd7 4. Bxd7+ Qxd7 5. O-O Nc6 6. c3 Nf6 7. d4 Nxe4 8. d5 Ne5 9. Re1 Nxf3+ 10. Qxf3 Nf6 11. Na3 e5 12. dxe6 fxe6 13. Bg5 Be7 14. Rad1 h6 15. Bxf6 O-O 16. Qe3 Rxf6 17. Qxc5 d5 18. Qb5 Qc6 19. Qxc6 bxc6 20. Nc2 Bc5 21. Nd4 Bxd4 22. Rxd4 Rb8 23. b3 Kf7 24. Ra4 Rb7 25. f4 Ke7 26. h4 Kd6 27. h5 g6 28. Re5 Rbf7 29. hxg6 Rxg6 30. Rh5 Rfg7 31. Rh2 Rg3 32. Kf2 Rxc3 33. Rxh6 Rc2+ 34. Kf3 Rgxg2 35. Rxa7 Rcf2+ 36. Ke3 Rf1 37. b4 Rg3+ 38. Ke2 Rb1 39. Rf7 Rb2+ 40. Kf1 Rc3 0-1

[Event "Sabadell op-A"]
[Site "Sabadell ESP"]
[Date "2016.09.09"]
[Round "9"]
[White "Sama Salinas, Hector"]
[Black "Ivanov, Mike"]
[Result "0-1"]
[WhiteElo "2157"]
[BlackElo "2285"]
[WhiteFideId "-1"]
[WhiteFideId "-1"]
[PlyCount "114"]
[GameId "2130307640880454"]
[EventDate "2016.09.01"]
[EventType "swiss"]
[EventRounds "9"]
[EventCountry "ESP"]
[SourceTitle "Mega2016 Update 51"]
[Source "Chessbase"]
[SourceDate "2016.09.26"]
[SourceVersion "1"]
[SourceVersionDate "2016.09.26"]
[SourceQuality "1"]

1. Nf3 Nc6 2. d4 d5 3. e3 Bg4 4. Be2 e6 5. O-O Nf6 6. b3 Bd6 7. Bb2 O-O 8. Nbd2 Ne7 9. Bd3 Bf5 10. Ne5 c5 11. Qe2 Qc7 12. f4 Rac8 13. c4 cxd4 14. exd4 Bxd3 15. Qxd3 Nf5 16. c5 Be7 17. Rac1 Nd7 18. Ndf3 Nh4 19. Nxh4 Bxh4 20. Qh3 Bf6 21. Rce1 g6 22. Ba3 Rfe8 23. Qd3 Bg7 24. g4 b6 25. cxb6 axb6 26. Qb5 Nf6 27. Rc1 Qa7 28. Qb4 Ne4 29. Nc6 Rxc6 30. Rxc6 Bf8 31. Qxb6 Qxa3 32. Rc2 Bg7 33. Rfc1 Bf8 34. Qb5 Ra8 35. Qb7 Ra7 36. Qb8 Ra8 37. Qb7 Rd8 38. Qb6 Re8 39. Qb5 Nd6 40. Qc5 Qa6 41. Qc6 Qd3 42. Qc3 Qe4 43. Qd2 Bg7 44. Rd1 Qf3 45. g5 Nf5 46. Rc3 Qg4+ 47. Kh1 Bxd4 48. Rd3 Ba7 49. Rf1 Nd6 50. Qa5 Bb8 51. Qa4 Rc8 52. f5 Qe2 53. Rdf3 Nxf5 54. R3f2 Qe3 55. Qd7 Qe4+ 56. Kg1 Rf8 57. Qa4 Qxa4 0-1

[Event "Sabadell op-A 9th"]
[Site "Sabadell"]
[Date "2016.09.05"]
[Round "5"]
[White "Munoz Pantoja, Miguel Angel"]
[Black "Ivanov, Mike"]
[Result "1-0"]
[WhiteElo "2471"]
[BlackElo "2285"]
[WhiteFideId "-1"]
[WhiteFideId "-1"]
[PlyCount "121"]
[GameId "1166660838752256"]
[EventDate "2016.09.01"]
[EventType "swiss"]
[EventRounds "9"]
[EventCountry "ESP"]
[SourceTitle "CBM 174 Extra"]
[Source "ChessBase"]
[SourceDate "2016.10.10"]
[SourceVersion "1"]
[SourceVersionDate "2016.10.10"]
[SourceQuality "1"]

1. e4 e5 2. d4 exd4 3. Qxd4 Nc6 4. Qe3 Nf6 5. Bd2 Bb4 6. Nc3 O-O 7. O-O-O Re8 8. Bc4 d6 9. f3 Ne5 10. Be2 Be6 11. Kb1 c6 12. Nh3 b5 13. Nf4 Bc4 14. Nd3 Nxd3 15. Bxd3 d5 16. Qe1 Bxd3 17. cxd3 dxe4 18. dxe4 Qd3+ 19. Ka1 Rad8 20. Bg5 Bxc3 21. Rxd3 Bxe1 22. Rxd8 Rxd8 23. Rxe1 Kf8 24. Kb1 Rc8 25. Rd1 Ke8 26. Be3 a6 27. Bd4 Ke7 28. Kc2 Nd7 29. f4 g6 30. g4 c5 31. Bf2 Nf6 32. Bh4 Ke6 33. Bxf6 Kxf6 34. Rd6+ Ke7 35. Rxa6 Rd8 36. Ra7+ Ke6 37. Ra6+ Ke7 38. Ra5 Rd4 39. Rxb5 Rxe4 40. Rxc5 Rxf4 41. h3 Kf6 42. Kb3 h5 43. gxh5 g5 44. a4 Rh4 45. Rc3 Rxh5 46. Kb4 Ke5 47. a5 f5 48. a6 Rh8 49. Ka5 Ke4 50. a7 f4 51. Rb3 Ra8 52. Ka6 f3 53. Rb7 f2 54. Rf7 Ke3 55. b4 Ke2 56. b5 Rh8 57. b6 Rxh3 58. a8=Q Ra3+ 59. Kb7 Rxa8 60. Kxa8 g4 61. b7 1-0

[Event "CAN-op"]
[Site "Windsor CAN"]
[Date "2016.07.10"]
[Round "1.12"]
[White "Fradkin, Benjamin"]
[Black "Ivanov, Mike"]
[Result "0-1"]
[WhiteElo "2105"]
[BlackElo "2389"]
[WhiteFideId "-1"]
[WhiteFideId "-1"]
[PlyCount "50"]
[GameId "2160767908659725"]
[EventDate "2016.07.10"]
[EventType "swiss"]
[EventRounds "9"]
[EventCountry "CAN"]
[SourceTitle "hb 2016"]

1. d4 Nf6 2. Nf3 c5 3. c3 b6 4. g3 Bb7 5. Bg2 g6 6. Bf4 Bg7 7. O-O O-O 8. Na3 d6 9. Qc1 Re8 10. Rd1 Nbd7 11. Bh6 Bh8 12. Qg5 a6 13. Rac1 b5 14. Nc2 Qa5 15. a3 Rac8 16. Bh3 cxd4 17. Ncxd4 Qb6 18. Qh4 Rc4 19. b3 Rc5 20. Ng5 Re5 21. Qf4 Nc5 22. b4 Nce4 23. Ngf3 Rh5 24. Bg2 e5 25. Qe3 Bg7 0-1

[Event "CAN-op"]
[Site "Windsor CAN"]
[Date "2016.07.11"]
[Round "2.10"]
[White "Ivanov, Mike"]
[Black "Rodrigue-Lemieux, Shawn"]
[Result "1/2-1/2"]
[WhiteElo "2260"]
[BlackElo "2003"]
[WhiteFideId "-1"]
[WhiteFideId "-1"]
[PlyCount "45"]
[GameId "2160767908659749"]
[EventDate "2016.07.10"]
[EventType "swiss"]
[EventRounds "9"]
[EventCountry "CAN"]

1. e4 c5 2. Nf3 d6 3. Bb5+ Bd7 4. Bxd7+ Qxd7 5. O-O Nf6 6. e5 Nd5 7. exd6 Qxd6 8. d4 cxd4 9. Nxd4 e6 10. c4 Nc7 11. Be3 Be7 12. Qf3 Nc6 13. Rd1 Rd8 14. Nc3 O-O 15. Ndb5 Nxb5 16. cxb5 Ne5 17. Qxb7 Qb4 18. a3 Rxd1+ 19. Rxd1 Qxb2 20. Qxe7 Qxc3 21. Bc5 Ng6 22. Qxa7 Re8 23. Qd7 1/2-1/2

[Event "CAN-op"]
[Site "Windsor CAN"]
[Date "2016.07.12"]
[Round "3.1"]
[White "Szabo, Gergely Andras"]
[Black "Ivanov, Mike"]
[Result "1-0"]
[WhiteElo "2563"]
[BlackElo "2269"]
[WhiteFideId "-1"]
[WhiteFideId "-1"]
[PlyCount "65"]
[GameId "2160767908659764"]
[EventDate "2016.07.10"]
[EventType "swiss"]
[EventRounds "9"]
[EventCountry "CAN"]

1. d4 Nf6 2. Nf3 c5 3. d5 e6 4. Nc3 b5 5. dxe6 fxe6 6. e4 b4 7. Nb5 a6 8. Nd6+ Bxd6 9. Qxd6 Nxe4 10. Qe5 d5 11. Qxg7 Qf6 12. Qc7 O-O 13. Bd3 c4 14. Bxe4 dxe4 15. Qg3+ Kh8 16. Ng5 Bb7 17. Be3 Bd5 18. Qc7 Qg6 19. h4 Nc6 20. h5 Qg7 21. Nxe6 Rf7 22. Nxg7 Rxc7 23. O-O-O Rd7 24. h6 Rad8 25. Bb6 Rb8 26. Rh5 b3 27. axb3 Rdb7 28. Be3 cxb3 29. Rdxd5 Nb4 30. Bd4 Nxd5 31. Rxd5 bxc2 32. Rg5 Kg8 33. Nf5+ 1-0

[Event "CAN-op"]
[Site "Windsor CAN"]
[Date "2016.07.13"]
[Round "4"]
[White "Ivanov, Mike"]
[Black "Talukdar, Rohan"]
[Result "1-0"]
[WhiteElo "2260"]
[BlackElo "2051"]
[WhiteFideId "-1"]
[WhiteFideId "-1"]
[PlyCount "89"]
[GameId "2160767908667978"]
[EventDate "2016.07.10"]
[EventType "swiss"]
[EventRounds "9"]
[EventCountry "CAN"]
[SourceTitle "EXT 2017"]
[Source "ChessBase"]
[SourceDate "2016.10.25"]
[SourceVersion "1"]
[SourceVersionDate "2016.10.25"]
[SourceQuality "1"]

1. e4 e6 2. d4 d5 3. Nc3 Bb4 4. e5 Ne7 5. a3 Bxc3+ 6. bxc3 c5 7. h4 Qa5 8. Bd2 Nbc6 9. h5 h6 10. Qg4 Nf5 11. Bd3 Nce7 12. Qf4 c4 13. Be2 Nc6 14. g4 Nfe7 15. Nf3 Bd7 16. Rg1 Rf8 17. g5 hxg5 18. Qxg5 Qa4 19. Rc1 O-O-O 20. Qxg7 Qxa3 21. h6 Nf5 22. Qf6 Rh8 23. Rh1 b5 24. Ng5 Rdf8 25. h7 Be8 26. Bg4 Nce7 27. Bh5 b4 28. Bxf7 Bxf7 29. Bf4 Nxd4 30. Kf1 Nec6 31. Nxe6 bxc3 32. Nxf8 Qxf8 33. Bh6 Rxh7 34. Bxf8 Rxh1+ 35. Kg2 Rxc1 36. Qxf7 Rxc2 37. Bd6 Nb5 38. Qf5+ Kb7 39. Qxc2 d4 40. Qa4 Nxd6 41. exd6 d3 42. Qb5+ Ka8 43. Qxc6+ Kb8 44. Qc7+ Ka8 45. Qc8# 1-0

[Event "CAN-op"]
[Site "Windsor CAN"]
[Date "2016.07.14"]
[Round "5.3"]
[White "Shi, Diwen"]
[Black "Ivanov, Mike"]
[Result "1/2-1/2"]
[WhiteElo "2132"]
[BlackElo "2260"]
[WhiteFideId "-1"]
[WhiteFideId "-1"]
[PlyCount "154"]
[GameId "2160767908668007"]
[EventDate "2016.07.10"]
[EventType "swiss"]
[EventRounds "9"]
[EventCountry "CAN"]

1. e4 e6 2. d4 d5 3. Nc3 Bb4 4. exd5 exd5 5. Bd3 Nc6 6. a3 Be7 7. Bf4 Be6 8. Nf3 Bf6 9. h3 Nge7 10. Ne2 Qd7 11. g4 g6 12. Bh6 Ng8 13. Be3 h5 14. g5 Bg7 15. Nf4 Bf5 16. Qe2 Nge7 17. O-O-O O-O-O 18. Bb5 a6 19. Ba4 Qd6 20. Rhe1 Kb8 21. Qd2 Nc8 22. Qc3 b5 23. Bb3 Nb6 24. Nh4 Ne7 25. Nfg2 Rhe8 26. Bf4 Qd7 27. Re3 Be6 28. Ne1 Nf5 29. Nxf5 Bxf5 30. h4 Rxe3 31. fxe3 Re8 32. Kb1 Re6 33. Nd3 Bxd3 34. cxd3 Kb7 35. Rc1 Rc6 36. Qxc6+ Qxc6 37. Rxc6 Kxc6 38. Kc2 Bf8 39. Be5 Kd7 40. Kd2 Bd6 41. Bxd6 Kxd6 42. e4 c6 43. Kc3 a5 44. Kd2 Ke7 45. Ke3 Ke6 46. Kf4 Nd7 47. Bd1 Kd6 48. Ke3 Nb6 49. b3 b4 50. axb4 axb4 51. Be2 Nc8 52. Bf1 Na7 53. Bh3 Nb5 54. e5+ Ke7 55. Bg2 Na3 56. Kd2 Nb1+ 57. Kc1 Nc3 58. Kd2 Na2 59. Kc2 Ke8 60. Kd2 Nc3 61. Bh3 Kd8 62. Bg2 Nb5 63. Ke3 Nc7 64. Bh3 Ne8 65. Kf4 Ke7 66. Kf3 Ng7 67. Ke3 Kd8 68. Kf4 Kc7 69. Kf3 Kb7 70. Kf4 Kc7 71. Kf3 Kb6 72. Ke3 Ne6 73. Bxe6 fxe6 74. Kd2 c5 75. Ke3 Kb5 76. dxc5 Kxc5 77. d4+ Kb5 1/2-1/2

[Event "CAN-op"]
[Site "Windsor CAN"]
[Date "2016.07.15"]
[Round "6"]
[White "Ivanov, Mike"]
[Black "Tarjan, James"]
[Result "1/2-1/2"]
[WhiteElo "2260"]
[BlackElo "2447"]
[WhiteFideId "-1"]
[WhiteFideId "-1"]
[PlyCount "104"]
[GameId "2160767908668027"]
[EventDate "2016.07.10"]
[EventType "swiss"]
[EventRounds "9"]
[EventCountry "CAN"]
[SourceTitle "EXT 2017"]
[Source "ChessBase"]
[SourceDate "2016.10.25"]
[SourceVersion "1"]
[SourceVersionDate "2016.10.25"]
[SourceQuality "1"]

1. e4 e5 2. Nf3 Nc6 3. d4 exd4 4. Nxd4 Bb4+ 5. c3 Bc5 6. Be3 Bb6 7. Nf5 Bxe3 8. Nxe3 Nf6 9. f3 O-O 10. c4 d6 11. Nc3 Nd7 12. Qd2 Nc5 13. Be2 a5 14. O-O Be6 15. Rae1 f6 16. Kh1 Ne5 17. b3 Re8 18. Rb1 c6 19. f4 Nf7 20. Bd1 Qb6 21. a3 Bc8 22. Bc2 Qc7 23. Rf3 Nd7 24. Rbf1 Nf8 25. Rg3 Kh8 26. Qd1 Nh6 27. Qd3 Be6 28. Ne2 Bf7 29. Rh3 Bg6 30. Ng3 Rad8 31. Qc3 Ng8 32. Rf3 Qb6 33. Rh4 Rd7 34. f5 Bf7 35. Ne2 Rde7 36. Nf4 h6 37. Rg4 Ra8 38. Rfg3 Be8 39. Rh4 Nd7 40. Ng6+ Bxg6 41. fxg6 Qc5 42. Qd2 Re5 43. Nf5 Rxf5 44. exf5 Re8 45. h3 Qxa3 46. Rd4 Ne5 47. Kh2 Rd8 48. Re3 Qc5 49. Re1 Ne7 50. Rh4 Ng8 51. Rd4 Ne7 52. Rh4 Ng8 1/2-1/2

[Event "CAN-op"]
[Site "Windsor CAN"]
[Date "2016.07.16"]
[Round "7.5"]
[White "Ivanov, Mike"]
[Black "Hua, Eugene"]
[Result "1-0"]
[WhiteElo "2260"]
[BlackElo "2049"]
[WhiteFideId "-1"]
[WhiteFideId "-1"]
[PlyCount "45"]
[GameId "2160767908668058"]
[EventDate "2016.07.10"]
[EventType "swiss"]
[EventRounds "9"]
[EventCountry "CAN"]

1. e4 c5 2. Nf3 e6 3. c3 Nf6 4. Bd3 d5 5. e5 Nfd7 6. Bc2 c4 7. d4 cxd3 8. Bxd3 Nc6 9. Bf4 Qc7 10. O-O f6 11. c4 fxe5 12. cxd5 exd5 13. Re1 Be7 14. Bg3 O-O 15. Nc3 Nf6 16. Nxe5 Nxe5 17. Rxe5 Bc5 18. Bxh7+ Kh8 19. Rh5 Bxf2+ 20. Kh1 Bg4 21. Qxg4 Nxg4 22. Bg6+ Kg8 23. Bxc7 1-0

[Event "CAN-op"]
[Site "Windsor CAN"]
[Date "2016.07.16"]
[Round "8.3"]
[White "Bitan, Banerjee"]
[Black "Ivanov, Mike"]
[Result "1-0"]
[WhiteElo "2368"]
[BlackElo "2260"]
[WhiteFideId "-1"]
[WhiteFideId "-1"]
[PlyCount "59"]
[GameId "2160767908668078"]
[EventDate "2016.07.10"]
[EventType "swiss"]
[EventRounds "9"]
[EventCountry "CAN"]

1. d4 Nf6 2. c4 c5 3. d5 e6 4. Nc3 exd5 5. cxd5 d6 6. Nf3 g6 7. Bf4 a6 8. a4 Bg7 9. h3 O-O 10. e3 Ne8 11. Be2 Nd7 12. O-O f5 13. Qc2 Qe7 14. Rab1 Rb8 15. b4 Nef6 16. Nd2 h6 17. Bh2 Ne8 18. a5 Be5 19. Bxe5 dxe5 20. bxc5 Qxc5 21. Nc4 Nd6 22. Na4 Qc7 23. Rfc1 Nxc4 24. Bxc4 Qxa5 25. d6+ Kh7 26. Be6 b5 27. Qc7 Qxa4 28. Bxd7 Rb7 29. Bxb5+ Rxc7 30. Rxc7+ 1-0

[Event "CAN-op"]
[Site "Windsor CAN"]
[Date "2016.07.17"]
[Round "9.4"]
[White "Ivanov, Mike"]
[Black "Li, Ben"]
[Result "1/2-1/2"]
[WhiteElo "2260"]
[BlackElo "2324"]
[WhiteFideId "-1"]
[WhiteFideId "-1"]
[PlyCount "87"]
[GameId "2160767908668103"]
[EventDate "2016.07.10"]
[EventType "swiss"]
[EventRounds "9"]
[EventCountry "CAN"]

1. d4 d5 2. c4 e6 3. Nf3 Nf6 4. Nc3 Be7 5. Bf4 O-O 6. e3 b6 7. cxd5 Nxd5 8. Nxd5 exd5 9. Be2 c5 10. O-O Nc6 11. dxc5 bxc5 12. Ne5 Nxe5 13. Bxe5 Be6 14. Qd2 Bd6 15. Bxd6 Qxd6 16. Rfd1 Rfd8 17. Bf3 Rac8 18. Rac1 Qb6 19. b3 a5 20. h3 h6 21. Qc3 d4 22. exd4 cxd4 23. Qd3 Rc5 24. Rxc5 Qxc5 25. Be4 Qe5 26. Qf3 Bd5 27. Bxd5 Rxd5 28. Qd3 Rd6 29. a3 Qc5 30. Qe4 g6 31. b4 axb4 32. axb4 Qxb4 33. Rb1 Qc5 34. Qe8+ Kg7 35. Rb8 Qc1+ 36. Kh2 Qf4+ 37. Kg1 Qc1+ 38. Kh2 Qf4+ 39. Kg1 Kf6 40. Rb7 Qc1+ 41. Kh2 Qf4+ 42. Kg1 Qc1+ 43. Kh2 Qf4+ 44. Kg1 1/2-1/2

[Event "Toronto"]
[Site "Toronto CAN"]
[Date "2016.04.04"]
[Round "1"]
[White "Barron, Michael"]
[Black "Ivanov, Mike"]
[Result "0-1"]
[WhiteElo "2342"]
[BlackElo "2363"]
[WhiteFideId "-1"]
[WhiteFideId "-1"]
[PlyCount "62"]
[GameId "2160767908744083"]
[EventDate "2016.04.04"]
[EventType "swiss"]
[EventRounds "7"]
[EventCountry "CAN"]
[SourceTitle "EXT 2022"]
[Source "ChessBase"]
[SourceDate "2021.10.06"]
[SourceVersion "1"]
[SourceVersionDate "2021.10.06"]
[SourceQuality "1"]

1. e4 e5 2. Nf3 Nc6 3. Bb5 f5 4. Nc3 fxe4 5. Nxe4 d5 6. Nxe5 dxe4 7. Nxc6 Qg5 8. Nd4+ c6 9. Bf1 Qe5 10. c3 Bc5 11. Nb3 Bd6 12. d4 exd3+ 13. Be3 Nf6 14. Qxd3 Bg4 15. h3 Bh5 16. Qd4 Qe7 17. g4 Bg6 18. Bg2 Rd8 19. O-O-O O-O 20. Rhe1 Be5 21. Qxa7 Ra8 22. Qb6 Rxa2 23. Nd4 Ra1+ 24. Kd2 Ne4+ 25. Bxe4 Rxd1+ 26. Kxd1 Bxe4 27. Bd2 Bxd4 28. Qxd4 Bf3+ 29. Kc2 Qf7 30. Re5 Qg6+ 31. Qd3 Bd1+ 0-1

[Event "Toronto"]
[Site "Toronto CAN"]
[Date "2016.04.11"]
[Round "2"]
[White "Ivanov, Mike"]
[Black "Malakhovets, Sergey"]
[Result "1-0"]
[WhiteElo "2363"]
[BlackElo "2123"]
[WhiteFideId "-1"]
[WhiteFideId "-1"]
[PlyCount "106"]
[GameId "2160767908744088"]
[EventDate "2016.04.04"]
[EventType "swiss"]
[EventRounds "7"]
[EventCountry "CAN"]
[SourceTitle "EXT 2022"]
[Source "ChessBase"]
[SourceDate "2021.10.06"]
[SourceVersion "1"]
[SourceVersionDate "2021.10.06"]
[SourceQuality "1"]

1. e4 c5 2. Nf3 e6 3. c3 d5 4. e5 d4 5. Bd3 Nc6 6. O-O Nge7 7. Re1 Ng6 8. g3 Qc7 9. Qe2 Bd7 10. Na3 a6 11. Nc2 Rd8 12. h4 Bc8 13. h5 Nge7 14. cxd4 cxd4 15. Ng5 h6 16. Nh7 Rd5 17. f4 Nf5 18. Nxf8 Rxf8 19. Bxf5 exf5 20. d3 Be6 21. b3 Rg8 22. Kf2 Kd7 23. Ba3 Rc8 24. Rec1 Qa5 25. Bb2 b5 26. Ne1 Qb6 27. Nf3 Qb7 28. Rc2 a5 29. Rac1 Kd8 30. Rc5 Rxc5 31. Rxc5 Nb4 32. Bxd4 Rxc5 33. Bxc5 Bd5 34. Bxb4 axb4 35. Nd4 Qa7 36. Ke3 Kd7 37. Qh2 Qc5 38. Qc2 Qa7 39. Qd2 Qc5 40. Qd1 Ke7 41. Qc2 Qb6 42. Qc8 Bb7 43. Qb8 g6 44. hxg6 fxg6 45. Qh8 Bd5 46. Qxh6 Qc5 47. Qg7+ Kd8 48. Qf6+ Kc8 49. Qa6+ Kd8 50. Qd6+ Qxd6 51. exd6 Kd7 52. Nxb5 Bc6 53. Nd4 Bd5 1-0